[Event "Women's Speed Chess Q3"]
[Site "chess.com INT"]
[Date "2021.05.30"]
[Round "9"]
[White "Kulkarni, Bhakti"]
[Black "Bivol, Alina"]
[Result "0-1"]
[WhiteTitle "IM"]
[BlackTitle "WGM"]
[WhiteElo "2391"]
[BlackElo "2385"]
[WhiteFideId "5019516"]
[BlackFideId "4100123"]
[EventDate "2021.05.30"]

1. d4 Nf6 2. Nf3 g6 3. g3 Bg7 4. Bg2 b6 5. O-O Bb7 6. b3 O-O 7. Bb2 d5 8. c4 Ne4
9. cxd5 Bxd5 10. Nc3 Nxc3 11. Bxc3 Nd7 12. Qd3 Nf6 13. Ne5 Bxg2 14. Kxg2 Qd5+
15. f3 Rfd8 16. Rfd1 c5 17. e4 Qb7 18. d5 b5 19. a4 a6 20. Nc6 Re8 21. Be5 e6
22. Na5 Qb6 23. Qc3 exd5 24. exd5 b4 25. Nc4 bxc3 26. Nxb6 c2 27. Rdc1 Rad8 28.
Bc7 Rxd5 29. Rxc2 Rd3 30. Rb1 Nd5 31. Rxc5 Ne3+ 32. Kf2 Nd1+ 33. Kg2 Re2+ 34.
Kh3 Nf2+ 35. Kh4 Bf6+ 36. Rg5 h6 37. f4 hxg5+ 38. fxg5 Re4+ 39. g4 Rxg4# 0-1

[Event "Women's Speed Chess Q3"]
[Site "chess.com INT"]
[Date "2021.05.30"]
[Round "9"]
[White "Mrudul, Dehankar"]
[Black "Narva, Mai"]
[Result "1-0"]
[WhiteTitle "WIM"]
[BlackTitle "WIM"]
[WhiteElo "2256"]
[BlackElo "2276"]
[WhiteFideId "25096990"]
[BlackFideId "4500512"]
[EventDate "2021.05.30"]

1. e4 c5 2. Nf3 d6 3. d4 cxd4 4. Nxd4 Nf6 5. Nc3 g6 6. Be3 Bg7 7. f3 O-O 8. Bc4
Nc6 9. Bb3 Bd7 10. Qd2 Rc8 11. h4 h5 12. O-O-O Ne5 13. Bh6 Qa5 14. Bxg7 Kxg7 15.
Kb1 Nc4 16. Bxc4 Rxc4 17. Nb3 Qc7 18. g4 hxg4 19. h5 Rh8 20. hxg6 Rxh1 21. Rxh1
fxg6 22. fxg4 Rxc3 23. bxc3 Bxg4 24. Qd4 Bf3 25. Rf1 e5 26. Qf2 Nxe4 27. Qxf3
Nxc3+ 28. Ka1 Qc6 29. Qf8+ Kh7 30. Rf7# 1-0

[Event "Women's Speed Chess Q3"]
[Site "chess.com INT"]
[Date "2021.05.30"]
[Round "9"]
[White "Nurmanova, Alua"]
[Black "Dworakowska, Joanna"]
[Result "1-0"]
[WhiteTitle "WFM"]
[BlackTitle "IM"]
[WhiteElo "2008"]
[BlackElo "2322"]
[WhiteFideId "13729390"]
[BlackFideId "1107445"]
[EventDate "2021.05.30"]

1. e4 c5 2. Nf3 d6 3. d4 cxd4 4. Nxd4 Nf6 5. Nc3 a6 6. Bg5 e6 7. f4 Be7 8. Qf3
Nbd7 9. O-O-O Qc7 10. Bd3 h6 11. Bh4 Nb6 12. Rhe1 Bd7 13. e5 dxe5 14. fxe5 Nfd5
15. Bxe7 Nxe7 16. Ne4 O-O-O 17. Nd6+ Kb8 18. Be4 f5 19. exf6 Qxd6 20. fxe7 Qxe7
21. Bxb7 Rhf8 22. Qe4 Ka7 23. Bc6 Qc5 24. Bxd7 Rxd7 25. Nxe6 Rxd1+ 26. Rxd1 Re8
27. Nxc5 Rxe4 28. Nxe4 Kb7 29. Nd6+ Kc6 30. Nf5 g6 31. Nxh6 Nc4 32. b3 Ne5 33.
g4 a5 34. c4 Nf3 35. h3 Kc5 36. Nf7 Kb4 37. Rf1 Nd4 38. Kb2 a4 39. a3+ Kc5 40.
bxa4 Kxc4 41. h4 Kd3 42. h5 gxh5 43. gxh5 Ne2 44. h6 Nc3 45. Rf3+ 1-0

[Event "Women's Speed Chess Q3"]
[Site "chess.com INT"]
[Date "2021.05.30"]
[Round "9"]
[White "Soumya, Swaminathan"]
[Black "Vo, Thi Kim Phung"]
[Result "0-1"]
[WhiteTitle "IM"]
[BlackTitle "WGM"]
[WhiteElo "2351"]
[BlackElo "2335"]
[WhiteFideId "5016193"]
[BlackFideId "12401838"]
[EventDate "2021.05.30"]

1. b3 Nf6 2. Bb2 g6 3. Nf3 Bg7 4. g3 O-O 5. Bg2 d5 6. c4 c5 7. cxd5 Nxd5 8. Bxg7
Kxg7 9. O-O Nc6 10. Qc2 Qa5 11. a3 Nf6 12. Nc3 Be6 13. Ng5 Bd7 14. Nf3 Rac8 15.
Qb2 Be6 16. Ne4 Bd5 17. Nxf6 exf6 18. d3 Qb6 19. Rab1 Rfe8 20. e4 Be6 21. Ng5
Rcd8 22. Nxe6+ Rxe6 23. Rfd1 Red6 24. Bf1 Ne5 25. Qc3 Nf3+ 26. Kg2 Nd4 27. f4
Nb5 28. Qb2 Rd4 29. b4 cxb4 30. axb4 a6 31. Qc2 Qd6 32. Rbc1 Rxb4 33. Qc5 Qxc5
34. Rxc5 Rbd4 35. Rc4 Rxc4 0-1

[Event "Women's Speed Chess Q3"]
[Site "chess.com INT"]
[Date "2021.05.30"]
[Round "9"]
[White "Zhai, Mo"]
[Black "Kanyamarala, Trisha"]
[Result "1-0"]
[WhiteTitle "WGM"]
[BlackTitle "WIM"]
[WhiteElo "2366"]
[BlackElo "2180"]
[WhiteFideId "8600201"]
[BlackFideId "45004722"]
[EventDate "2021.05.30"]

1. Nf3 d5 2. g3 e6 3. Bg2 Nf6 4. O-O c5 5. c4 d4 6. e3 Nc6 7. exd4 cxd4 8. d3
Be7 9. Re1 O-O 10. Nbd2 Qc7 11. a3 a5 12. Qc2 e5 13. Ng5 h6 14. Nge4 Nxe4 15.
Nxe4 Be6 16. b3 f5 17. Nd2 Bf6 18. c5 Rfe8 19. Nc4 Rad8 20. Bb2 Kh8 21. Rac1 Bd5
22. Nd6 Rxd6 23. cxd6 Qxd6 24. Bxd5 Qxd5 25. Qc4 Qd7 26. b4 axb4 27. axb4 e4 28.
dxe4 fxe4 29. Kg2 Ne5 30. Qxd4 Qg4 31. Qxe4 Qh5 32. Bxe5 Rxe5 33. Qf3 Qe8 34.
Rxe5 Qxe5 35. Qxb7 Qg5 36. Rc8+ Kh7 37. Qe4+ g6 38. Rc7+ Bg7 39. Qd4 1-0

[Event "Women's Speed Chess Q3"]
[Site "chess.com INT"]
[Date "2021.05.30"]
[Round "9"]
[White "Novikova, Anna"]
[Black "Petrova, Irina"]
[Result "1-0"]
[WhiteTitle "WIM"]
[BlackTitle "WIM"]
[WhiteElo "2247"]
[BlackElo "2110"]
[WhiteFideId "4146794"]
[BlackFideId "14124122"]
[EventDate "2021.05.30"]

1. e4 d6 2. d4 Nf6 3. Nc3 e5 4. Nf3 Nbd7 5. Be3 Be7 6. h3 O-O 7. Be2 c6 8. O-O
b5 9. a3 Bb7 10. Re1 a6 11. Qd2 exd4 12. Nxd4 Qc7 13. Nf5 Rfe8 14. Rad1 Bf8 15.
f3 Rad8 16. Nxd6 Ne5 17. Nxe8 Rxe8 18. Bf4 Qb6+ 19. Be3 Qa5 20. Bf1 c5 21. Qf2
Qc7 22. Nd5 Bxd5 23. exd5 Nfd7 24. c3 c4 25. Bd4 Bc5 26. Bxc5 Nxc5 27. f4 Ncd3
28. Bxd3 cxd3 29. Rxe5 Rxe5 30. fxe5 Qxe5 31. Qd4 Qg3 32. Qxd3 Qd6 33. Qe4 g6
34. Re1 Qc5+ 35. Qd4 Qc8 36. Kh1 Qd7 37. d6 h5 38. Re7 Qf5 39. d7 Qf1+ 40. Kh2
Kh7 41. d8=Q 1-0

[Event "Women's Speed Chess Q3"]
[Site "chess.com INT"]
[Date "2021.05.30"]
[Round "9"]
[White "Ambartsumova, Karina"]
[Black "Mkrtchian, Lilit"]
[Result "1/2-1/2"]
[WhiteTitle "IM"]
[BlackTitle "IM"]
[WhiteElo "2382"]
[BlackElo "2388"]
[WhiteFideId "4166299"]
[BlackFideId "13300601"]
[EventDate "2021.05.30"]

1. Nf3 d5 2. e3 Nf6 3. c4 c6 4. Nc3 e6 5. Qc2 Bd6 6. b3 O-O 7. Bb2 e5 8. cxd5
cxd5 9. Nb5 Nc6 10. Nxd6 Qxd6 11. d4 e4 12. Ne5 Be6 13. Be2 Rfc8 14. Qd2 Nb4 15.
Bc3 a5 16. O-O Rc7 17. a3 Nc6 18. Nxc6 Rxc6 19. Bxa5 Rac8 20. Bb4 Qc7 21. Bd1
Ng4 22. g3 h5 23. a4 h4 24. Ba5 b6 25. Bb4 Bd7 26. Ba3 hxg3 27. fxg3 Rc3 28.
Bxg4 Bxg4 29. Rac1 Bf3 30. Bb2 Rc2 31. Rxc2 Qxc2 32. Rf2 Qb1+ 33. Rf1 Qc2 34.
Rf2 Qb1+ 35. Rf1 Qc2 1/2-1/2

[Event "Women's Speed Chess Q3"]
[Site "chess.com INT"]
[Date "2021.05.30"]
[Round "9"]
[White "Kiolbasa, Oliwia"]
[Black "Szente Varga, Fruzsina"]
[Result "1-0"]
[WhiteTitle "WIM"]
[BlackTitle "WFM"]
[WhiteElo "2255"]
[BlackElo "2100"]
[WhiteFideId "1154613"]
[BlackFideId "712264"]
[EventDate "2021.05.30"]

1. e4 e5 2. Nf3 Nc6 3. Bb5 a6 4. Ba4 Nf6 5. O-O Be7 6. Re1 b5 7. Bb3 O-O 8. h3
d6 9. c3 Na5 10. Bc2 c5 11. d4 Nc6 12. d5 Nb8 13. Nbd2 Ne8 14. a4 Bb7 15. Qe2
Nd7 16. axb5 axb5 17. Rxa8 Qxa8 18. Qxb5 Ndf6 19. Qe2 Ba6 20. Bd3 Bb7 21. Nf1
Nc7 22. Ng3 Rb8 23. Nf5 Bf8 24. Bg5 Nd7 25. Nh2 f6 26. Bc1 Ba6 27. Bxa6 Nxa6 28.
Qg4 Rb7 29. Nxd6 Bxd6 30. Qe6+ Kh8 31. Qxd6 c4 32. Qe6 Nac5 33. Qg4 Nd3 34. Rd1
Nxc1 35. Rxc1 Rxb2 36. Qxd7 Qb8 37. Ng4 h5 38. Ne3 Rb1 39. Rxb1 Qxb1+ 40. Kh2
Qxe4 41. Qe8+ Kh7 42. Qxh5+ Kg8 43. Qf3 Qd3 44. Nf5 Qd2 45. d6 Kf7 46. Qe4 g6
47. Qxc4+ Kf8 48. Qc8+ Kf7 49. Qd7+ Kg8 50. Qg7# 1-0

[Event "Women's Speed Chess Q3"]
[Site "chess.com INT"]
[Date "2021.05.30"]
[Round "9"]
[White "Nanditha, V"]
[Black "Rakshitta, Ravi"]
[Result "1-0"]
[WhiteTitle "WCM"]
[BlackTitle "WIM"]
[WhiteElo "1666"]
[BlackElo "2190"]
[WhiteFideId "46626697"]
[BlackFideId "25073230"]
[EventDate "2021.05.30"]

1. e4 e5 2. Nf3 Nc6 3. Bb5 f5 4. Bxc6 dxc6 5. Nxe5 Nf6 6. exf5 Bd6 7. Qe2 O-O 8.
d4 Bxf5 9. Bg5 c5 10. Qc4+ Kh8 11. Nf7+ Rxf7 12. Qxf7 cxd4 13. Bxf6 gxf6 14. O-O
Bg6 15. Qc4 Qd7 16. g3 b5 17. Qxd4 Re8 18. Qxf6+ Kg8 19. Nc3 Be5 20. Qg5 Qh3 21.
f4 Bxc3 22. bxc3 Re2 23. Rf2 Rxf2 24. Kxf2 Qxh2+ 25. Kf3 Kf7 26. Re1 Bh5+ 27.
Ke3 Qh3 28. Kd2 Qg2+ 29. Kc1 Be2 30. Qe5 Bf3 31. Qe7+ Kg6 32. Re6+ Kh5 33. Qg5# 1-0

[Event "Women's Speed Chess Q3"]
[Site "chess.com INT"]
[Date "2021.05.30"]
[Round "9"]
[White "Batsiashvili, Nino"]
[Black "Franco Valencia, Angela"]
[Result "1-0"]
[WhiteTitle "GM"]
[BlackTitle "WIM"]
[WhiteElo "2491"]
[BlackElo "2089"]
[WhiteFideId "13602993"]
[BlackFideId "4403070"]
[EventDate "2021.05.30"]

1. d4 Nf6 2. Nf3 c5 3. Bf4 e6 4. e3 b6 5. Nc3 Bb7 6. Nb5 Na6 7. Nd6+ Bxd6 8.
Bxd6 Ne4 9. Bf4 O-O 10. Bd3 f5 11. O-O Qf6 12. c3 Rac8 13. Qe2 Nc7 14. Rad1 Nd5
15. Be5 Qg6 16. c4 d6 17. cxd5 dxe5 18. Nxe5 Qg5 19. Bxe4 fxe4 20. dxe6 Rce8 21.
Nd7 Rf5 22. dxc5 Rxe6 23. cxb6 axb6 24. Qc4 Rd5 25. Rxd5 Qxd5 26. Qxd5 Bxd5 27.
Rd1 Bxa2 28. h4 Kf7 29. b4 Ke7 30. Nb8 Rd6 31. Ra1 Bd5 32. Ra7+ Kf6 33. b5 Bc4
34. Nc6 Bxb5 35. Nd4 Bd3 36. Kh2 b5 37. g4 b4 38. Rb7 b3 39. Rxb3 Ke5 40. Rb7
Rf6 41. Kg3 g6 42. Rxh7 Bf1 43. h5 gxh5 44. Rxh5+ Kd6 45. Rf5 Rg6 46. Kf4 Ke7
47. g5 1-0

[Event "Women's Speed Chess Q3"]
[Site "chess.com INT"]
[Date "2021.05.30"]
[Round "9"]
[White "Pham, Le Thao Nguyen"]
[Black "Paehtz, Elisabeth"]
[Result "0-1"]
[WhiteTitle "IM"]
[BlackTitle "IM"]
[WhiteElo "2369"]
[BlackElo "2456"]
[WhiteFideId "12401226"]
[BlackFideId "4641833"]
[EventDate "2021.05.30"]

1. d4 g6 2. Nf3 Bg7 3. g3 d6 4. Bg2 Nf6 5. O-O O-O 6. c4 Nc6 7. Nc3 e5 8. d5 Nb8
9. e4 a5 10. c5 Na6 11. cxd6 cxd6 12. Be3 Nd7 13. Ne1 Ndc5 14. Nd3 b6 15. Re1
Bd7 16. Rc1 Nb4 17. Nxc5 bxc5 18. a3 Na6 19. Bf1 Qb6 20. Qd2 Rab8 21. Rc2 Nc7
22. Rb1 Qb7 23. Bc4 f5 24. Bxc5 dxc5 25. d6+ Ne6 26. Nd5 Kh8 27. exf5 gxf5 28.
Bf1 Nd4 29. Bg2 Nxc2 30. Qxc2 Bc6 31. Qxc5 Rbc8 32. Qxa5 Bxd5 33. Bxd5 Qd7 34.
Qb4 Rcd8 35. Bg2 Qxd6 36. Qe1 e4 37. b4 Qd2 38. Qf1 Ra8 39. Rb3 Qc2 40. Re3 Rfd8
41. Re2 Qd1 42. Re1 Qd3 43. f3 Qxf1+ 44. Rxf1 Rxa3 45. fxe4 fxe4 46. Bxe4 Rb3 0-1

[Event "Women's Speed Chess Q3"]
[Site "chess.com INT"]
[Date "2021.05.30"]
[Round "9"]
[White "Alboredo, Julia"]
[Black "Grigoryan, Meri"]
[Result "1-0"]
[WhiteTitle "WFM"]
[BlackTitle "WFM"]
[WhiteElo "2182"]
[BlackElo "2044"]
[WhiteFideId "2124807"]
[BlackFideId "13300571"]
[EventDate "2021.05.30"]

1. e4 e5 2. Nf3 Nc6 3. d4 exd4 4. Bc4 Nf6 5. e5 d5 6. Bb5 Ne4 7. Nxd4 Bc5 8. O-O
Bd7 9. Bxc6 bxc6 10. f3 Ng5 11. Be3 Ne6 12. c3 O-O 13. f4 Bxd4 14. cxd4 f5 15.
Nc3 Rb8 16. Qd2 Bc8 17. Rf3 Qe7 18. Rg3 Rf7 19. a3 Ba6 20. b4 Bc4 21. Na4 a5 22.
Nc5 Nxc5 23. bxc5 a4 24. Qa5 Bb3 25. Qa6 Qd7 26. Rb1 Rff8 27. Qe2 Bc4 28. Qd1
Bb3 29. Qe1 Rb5 30. h4 Rfb8 31. Kh2 Bc4 32. Rxb5 Rxb5 33. Bd2 Rb3 34. Bb4 Qc8
35. e6 Qe8 36. Rg5 g6 37. h5 Kg7 38. Qe5+ Kg8 39. Qxc7 Kh8 40. hxg6 hxg6 41. e7
Rb1 42. Qd8 1-0

[Event "Women's Speed Chess Q3"]
[Site "chess.com INT"]
[Date "2021.05.30"]
[Round "9"]
[White "Vine, Elzbieta"]
[Black "Narva, Regina"]
[Result "0-1"]
[WhiteTitle "WFM"]
[BlackTitle "WFM"]
[WhiteElo "2138"]
[BlackElo "1901"]
[WhiteFideId "1119320"]
[BlackFideId "4500237"]
[EventDate "2021.05.30"]

1. e4 d5 2. exd5 Qxd5 3. Nf3 Nf6 4. Be2 Nc6 5. Nc3 Qa5 6. d4 Bg4 7. h3 Qh5 8.
O-O Bxh3 9. Ne5 Qh4 10. gxh3 Nxd4 11. Nf3 Nxf3+ 12. Bxf3 c6 13. Bg2 e6 14. Qf3
Bd6 15. Rd1 Bc7 16. Be3 O-O 17. Rd4 Qh5 18. Qxh5 Nxh5 19. Bf3 Nf6 20. Rad1 Nd5
21. Nxd5 exd5 22. Bf4 Bb6 23. R4d3 h6 24. a4 g5 25. Be3 Bc7 26. Bd4 f5 27. b4 g4
28. hxg4 fxg4 29. Bxg4 Kh7 30. f3 Rg8 31. Re3 h5 32. Re7+ Kh6 33. Rxc7 hxg4 34.
fxg4 Rxg4+ 35. Kf2 Rf4+ 36. Ke3 Raf8 0-1

[Event "Women's Speed Chess Q3"]
[Site "chess.com INT"]
[Date "2021.05.30"]
[Round "9"]
[White "Agrest, Inna"]
[Black "Luong, Phuong Hanh"]
[Result "0-1"]
[WhiteTitle "WIM"]
[BlackTitle "WIM"]
[WhiteElo "2285"]
[BlackElo "2229"]
[WhiteFideId "1708830"]
[BlackFideId "12401013"]
[EventDate "2021.05.30"]

1. e4 c5 2. d4 cxd4 3. c3 Nf6 4. e5 Nd5 5. Nf3 Nc6 6. Bc4 Nb6 7. Bb3 d5 8. cxd4
Bf5 9. O-O e6 10. h3 Be7 11. Nc3 O-O 12. a3 h6 13. Re1 Rc8 14. Be3 Na5 15. Ba2
Nac4 16. Qe2 Nxa3 17. bxa3 Rxc3 18. a4 Nc4 19. Bf4 Rc2 20. Qf1 Qa5 21. Bb3 Rc3
22. Nd2 Bd3 23. Re2 Qb4 24. Bxc4 dxc4 25. Rd1 Rc2 26. Qe1 Bxe2 27. Qxe2 Qb2 28.
Qe4 Bb4 29. Rb1 Rc1+ 30. Rxc1 Qxc1+ 31. Nf1 Qe1 32. Qc2 c3 33. g3 Rd8 34. Be3
Qa1 35. Kg2 Qb2 36. Qd3 c2 37. h4 c1=Q 38. Bxc1 Qxc1 39. Qb5 Qc6+ 40. Qxc6 bxc6
41. Ne3 Rxd4 42. Nc2 Rc4 43. Ne3 Rc1 44. Kf3 Bc5 0-1

[Event "Women's Speed Chess Q3"]
[Site "chess.com INT"]
[Date "2021.05.30"]
[Round "9"]
[White "Ribeiro, Regina"]
[Black "Ramirez, Maria Eugenia"]
[Result "0-1"]
[WhiteTitle "WIM"]
[BlackTitle "WFM"]
[WhiteElo "1920"]
[BlackElo "2057"]
[WhiteFideId "2100681"]
[BlackFideId "3301680"]
[EventDate "2021.05.30"]

1. Nf3 Nf6 2. b3 e6 3. Bb2 d5 4. e3 Be7 5. Be2 c5 6. O-O Nc6 7. c4 O-O 8. d4
cxd4 9. exd4 Ne4 10. Nc3 f5 11. c5 Bf6 12. Nxe4 fxe4 13. Ne5 Qc7 14. Nxc6 bxc6
15. b4 e5 16. a3 Re8 17. Qd2 exd4 18. Bxd4 Bxd4 19. Qxd4 Qe5 20. Rfd1 Bf5 21.
Qe3 Rad8 22. Rd4 h6 23. Rad1 g5 24. g3 Bh3 25. b5 Qc7 26. bxc6 Qxc6 27. Bh5 Rf8
28. f3 exf3 29. Bxf3 Rde8 30. Bxd5+ Kg7 31. Bxc6 Rxe3 32. Rd7+ Kg6 33. Bg2 Bxd7
34. Rxd7 Re1+ 35. Bf1 Rexf1+ 36. Kg2 R1f2+ 37. Kh3 h5 38. Rd6+ R8f6 39. Rxf6+
Kxf6 40. g4 hxg4+ 41. Kxg4 Rxh2 42. c6 Rc2 0-1

[Event "Women's Speed Chess Q3"]
[Site "chess.com INT"]
[Date "2021.05.30"]
[Round "9"]
[White "Cori T., Deysi"]
[Black "Morris-Suzuki, Sophie"]
[Result "1-0"]
[WhiteTitle "WGM"]
[BlackTitle "WFM"]
[WhiteElo "2388"]
[BlackElo "2043"]
[WhiteFideId "3801934"]
[BlackFideId "30922615"]
[EventDate "2021.05.30"]

1. d4 d5 2. Nf3 Nf6 3. e3 c5 4. b3 Bf5 5. Bb2 Nc6 6. a3 e6 7. Bd3 Bd6 8. Bxf5
exf5 9. dxc5 Bxc5 10. b4 Be7 11. Qd3 Qd7 12. Nbd2 O-O 13. h4 Ne4 14. Rd1 Qe6 15.
Nb3 Rad8 16. Nbd4 Nxd4 17. Nxd4 Qd7 18. f3 Ng3 19. Rh3 f4 20. exf4 Nh5 21. Ne2
Rfe8 22. Kf2 d4 23. g4 Nf6 24. Rg3 Nd5 25. Bxd4 Bd6 26. Be5 Bxe5 27. fxe5 Qc7
28. f4 f6 29. Qb3 Qf7 30. Rgd3 fxe5 31. Rxd5 Rxd5 32. Qxd5 exf4 33. Qxf7+ Kxf7
34. Nxf4 Re7 35. Kf3 Kf6 36. Nd5+ Kf7 37. Nxe7 Kxe7 38. Rd5 Ke6 39. c4 b6 40.
Ke4 g6 41. h5 Kf6 42. g5+ Ke6 43. hxg6 hxg6 44. c5 b5 45. Rd6+ Ke7 46. Ke5 a5
47. bxa5 b4 48. axb4 Kf7 49. a6 Kg7 50. a7 Kf7 51. a8=Q Kg7 52. Qb7+ Kf8 53.
Rd8# 1-0

[Event "Women's Speed Chess Q3"]
[Site "chess.com INT"]
[Date "2021.05.30"]
[Round "9"]
[White "Padmini, Rout"]
[Black "Golubeva, Oksana"]
[Result "1-0"]
[WhiteTitle "IM"]
[BlackTitle "WFM"]
[WhiteElo "2370"]
[BlackElo "2179"]
[WhiteFideId "5029295"]
[BlackFideId "4170164"]
[EventDate "2021.05.30"]

1. e4 e6 2. d4 d5 3. Nd2 Nf6 4. e5 Nfd7 5. f4 c5 6. c3 f5 7. Bb5 Nc6 8. Ne2 Qb6
9. Bxc6 bxc6 10. O-O Ba6 11. Nf3 cxd4 12. cxd4 c5 13. dxc5 Bxc5+ 14. Kh1 d4 15.
Bd2 O-O 16. b4 Be7 17. Nfxd4 Rad8 18. a3 Rfe8 19. Be3 Nf8 20. Qb3 Bb7 21. Rad1
Bd5 22. Qb2 Qb7 23. Ng1 Rc8 24. Ngf3 Rc4 25. Rc1 Rec8 26. Rxc4 Bxc4 27. Rc1 Qd5
28. h3 h6 29. Kh2 Ng6 30. Qd2 Bd8 31. Nb3 Be7 32. Qxd5 exd5 33. Na5 Kf7 34. Nd4
h5 35. Nxf5 Bd8 36. Nd6+ Ke6 37. Nxc8 Bxa5 38. bxa5 Nh4 39. Kg3 Nf5+ 40. Kf2 h4
41. Bxa7 Ba6 42. Nd6 Nd4 43. Bxd4 1-0

[Event "Women's Speed Chess Q3"]
[Site "chess.com INT"]
[Date "2021.05.30"]
[Round "9"]
[White "Starosta, Martyna"]
[Black "Mordido, Kylen Joy"]
[Result "1-0"]
[WhiteTitle "WCM"]
[BlackTitle "WIM"]
[WhiteElo "1910"]
[BlackElo "2014"]
[WhiteFideId "21818754"]
[BlackFideId "5219086"]
[EventDate "2021.05.30"]

1. e4 c5 2. Nf3 e6 3. g3 Nc6 4. Bg2 d5 5. exd5 exd5 6. O-O Nf6 7. d4 Be7 8. Nbd2
O-O 9. dxc5 Bxc5 10. Nb3 Be7 11. Bg5 Bg4 12. h3 Bh5 13. g4 Bg6 14. Nbd4 h6 15.
Be3 Ne4 16. Nxc6 bxc6 17. Ne5 Qd6 18. Bf4 Qf6 19. Bg3 Rfd8 20. Nxg6 Qxg6 21. Bh2
Bf6 22. c3 Rab8 23. Qe2 Rb7 24. f4 Be7 25. f5 Qf6 26. Bxe4 dxe4 27. Qxe4 Rxb2
28. Be5 Qh4 29. Qf3 Bc5+ 30. Kh1 Rdd2 31. Rad1 Rh2+ 32. Bxh2 Rxa2 33. f6 g6 34.
Rd8+ Kh7 35. Qg3 Qg5 36. Qe5 Qh4 37. Qe8 1-0

[Event "Women's Speed Chess Q3"]
[Site "chess.com INT"]
[Date "2021.05.30"]
[Round "9"]
[White "Sviridova, Vlada"]
[Black "Frayna, Janelle Mae"]
[Result "0-1"]
[WhiteTitle "WFM"]
[BlackTitle "WGM"]
[WhiteElo "2144"]
[BlackElo "2179"]
[WhiteFideId "24109606"]
[BlackFideId "5212499"]
[EventDate "2021.05.30"]

1. d4 Nf6 2. c4 g6 3. Nc3 d5 4. cxd5 Nxd5 5. e4 Nxc3 6. bxc3 Bg7 7. Bc4 c5 8.
Ne2 O-O 9. O-O cxd4 10. cxd4 b6 11. Be3 Bb7 12. f3 Nd7 13. Qd2 Rc8 14. Bd3 e5
15. d5 Nc5 16. Rac1 Qd6 17. h4 f5 18. Nc3 f4 19. Bf2 Bf6 20. Nb5 Qd8 21. Nxa7
Ra8 22. Nb5 Nxd3 23. Qxd3 Ba6 24. h5 Qd7 25. a4 Rfc8 26. hxg6 hxg6 27. Bxb6 Rab8
28. Rxc8+ Qxc8 29. Bf2 Qd7 30. d6 Kg7 31. Rc1 Rb7 32. Qc4 g5 33. Qd5 Kg6 34. Rc6
Qh7 35. Rc7 Rxc7 36. dxc7 g4 37. Qc6 g3 38. Bc5 Qh2+ 39. Kf1 Qh1+ 40. Bg1 Bc8
41. Nd6 Qh8 42. Nf5 Kg5 43. Qd6 Qe8 0-1

[Event "Women's Speed Chess Q3"]
[Site "chess.com INT"]
[Date "2021.05.30"]
[Round "9"]
[White "Voit, Daria"]
[Black "Osmak, Iulija"]
[Result "0-1"]
[WhiteTitle "WGM"]
[BlackTitle "IM"]
[WhiteElo "2360"]
[BlackElo "2425"]
[WhiteFideId "4182146"]
[BlackFideId "14101602"]
[EventDate "2021.05.30"]

1. Nf3 d5 2. c4 c6 3. g3 Nf6 4. Bg2 Bf5 5. O-O e6 6. cxd5 exd5 7. d3 Be7 8. Qb3
Qb6 9. Qc2 O-O 10. Be3 Qc7 11. Nc3 Nbd7 12. Rac1 h6 13. Qb3 Rad8 14. Nxd5 Nxd5
15. Qxd5 Be6 16. Qe4 Nf6 17. Qa4 a6 18. a3 Nd5 19. Bc5 Bf6 20. Qc2 Rfe8 21. e4
Nb6 22. Rfd1 Nd7 23. Be3 Qb8 24. d4 Bg4 25. h3 Bh5 26. b4 Bg6 27. Nd2 Nf8 28.
Nb3 Re7 29. Bf4 Qa8 30. f3 Ree8 31. h4 Ne6 32. Be3 Qa7 33. Qf2 Qb8 34. g4 Bh7
35. h5 Bg5 36. Nc5 Bxe3 37. Qxe3 Ng5 38. Kf2 Qh2 39. Rh1 Qc7 40. Rhe1 Qh2 41.
Rh1 Qc7 42. Rcd1 Qe7 43. Rhe1 Qc7 44. Kg1 Qg3 45. Qf2 Nh3+ 46. Kh1 Nxf2+ 47. Kg1
Nh3+ 0-1

[Event "Women's Speed Chess Q3"]
[Site "chess.com INT"]
[Date "2021.05.30"]
[Round "9"]
[White "Froewis, Annika"]
[Black "Skuhala, Barbara"]
[Result "0-1"]
[WhiteTitle "WFM"]
[BlackTitle "WFM"]
[WhiteElo "2143"]
[BlackElo "2077"]
[WhiteFideId "1621432"]
[BlackFideId "14605465"]
[EventDate "2021.05.30"]

1. e4 c5 2. Nf3 d6 3. d4 cxd4 4. Nxd4 Nf6 5. Nc3 a6 6. h4 e5 7. Nb3 Be7 8. Be3
Be6 9. f3 Nbd7 10. Qd2 h5 11. O-O-O Rc8 12. Kb1 Qc7 13. f4 b5 14. f5 Bxb3 15.
axb3 b4 16. Nd5 Nxd5 17. exd5 Nf6 18. Bxa6 Ra8 19. Bb5+ Kf8 20. Qxb4 Qb7 21. c4
Ng4 22. Qd2 Bf6 23. Bc6 Qb8 24. Bxa8 Qxa8 25. Bg5 Ke7 26. Kc2 Rb8 27. Bxf6+ gxf6
28. Rh3 Qb7 29. Qc3 Qa7 30. Rf1 Ne3+ 31. Rxe3 Qb6 32. Rfe1 Rg8 33. R3e2 Rg4 34.
Qf3 Rxh4 35. g3 Rg4 36. Rh1 Qd4 0-1

[Event "Women's Speed Chess Q3"]
[Site "chess.com INT"]
[Date "2021.05.30"]
[Round "9"]
[White "Varshini, V"]
[Black "Komiagina, Maria"]
[Result "1-0"]
[WhiteTitle "WGM"]
[BlackTitle "WIM"]
[WhiteElo "2226"]
[BlackElo "2241"]
[WhiteFideId "5091241"]
[BlackFideId "4153987"]
[EventDate "2021.05.30"]

1. e4 g6 2. d4 Bg7 3. Nc3 d6 4. Nf3 a6 5. Be2 b5 6. a3 Bb7 7. O-O Nd7 8. Be3
Ngf6 9. Bd3 Ng4 10. h3 Nxe3 11. fxe3 O-O 12. Qe2 c5 13. Qf2 Rc8 14. Rad1 c4 15.
Be2 e6 16. Nd2 Qe7 17. Bf3 Nb6 18. Qg3 Rcd8 19. Rf2 e5 20. d5 Bc8 21. Rdf1 Nd7
22. Bg4 Nc5 23. Nf3 f5 24. exf5 gxf5 25. Bh5 f4 26. exf4 exf4 27. Qg5 Qxg5 28.
Nxg5 Bxc3 29. bxc3 h6 30. Ne6 Bxe6 31. dxe6 Nxe6 32. Bg4 Ng5 33. Rxf4 Rxf4 34.
Rxf4 Kg7 35. Rd4 d5 36. Rf4 Ne4 37. Rf3 Rf8 38. Bf5 Nd6 39. Bg4 Ne4 40. Bf5 Nxc3
41. Kf2 d4 42. g4 Nd5 43. Kg3 Ne3 44. Be4 Rxf3+ 45. Kxf3 a5 46. c3 1-0